Normal view
MARC view
- Mathematical Optimization-Quantitative research
Entry Topical Term
001 - CONTROL NUMBER
- control field: 6576
003 - CONTROL NUMBER IDENTIFIER
- control field: JO-AjAnu
005 - DATE AND TIME OF LATEST TRANSACTION
- control field: 20230606071351.0
008 - FIXED-LENGTH DATA ELEMENTS
- fixed length control field: 230606|| aca||aabn | a|a d
040 ## - CATALOGING SOURCE
- Original cataloging agency: JO-AjAnu
- Transcribing agency: JO-AjAnu
150 ## - HEADING--TOPICAL TERM
- Topical term or geographic name entry element: Mathematical Optimization-Quantitative research
670 ## - SOURCE DATA FOUND
- Source citation: Work cat.: (JO-AjAnu)3408: Wright, Stephen J., Benjamin Recht, author 6575, Optimization for Data Analysis